| 000 | 018040000a22003370004500 | ||
|---|---|---|---|
| 003 | EG-GICUC | ||
| 005 | 20250223025157.0 | ||
| 008 | 080326s2007 ua d f m 000 0 eng d | ||
| 040 |
_aEG-GICUC _beng _cEG-GICUC |
||
| 041 | 0 | _aEng | |
| 049 | _aDeposite | ||
| 097 | _aM.Sc | ||
| 099 | _aCai01.13.08.M.Sc.2007.Ab.S | ||
| 100 | 0 | _aAbdelmohsen Abdelrazik Abdelmohsen Khater | |
| 245 | 1 | 0 |
_aSimulation and implementation of the timing synchronization , cell identification , and FFT for the ofdmabased mobile wimax 802.163 / _cAbdelmohsen Abdelrazik Abdelmohsen Khater ; Supervised Serag E.Habib , Mohamed M.Khairy |
| 246 | 1 | 5 | _aمحاكاة وتنفيذ ضبط التزامن الوقتى وتحديد الخلية وتحويل فورير السريع الخاص بالواى ماكس المتنقل 802.163المبنى على تعدد الاتاحة فى تقسيم نطاق التردد المتعامد |
| 260 |
_aCairo : _bAbdelmohsen Abdelrazik Abdelmohsen Khater , _c2007 |
||
| 300 |
_a101P. : _bcharts ; _c30cm |
||
| 502 | _aThesis (M.Sc.) - Cairo University - Faculty Of Engineering - Department Of Electronics and Communications | ||
| 520 | _aCurrent wireless communication standards fail to provide sufficient data rates when a user is moving at high speeds.In view of this requirement for future mobile wireless communication systems , the 802.16e - 2005 standard has been proposed by the institute of electrical and electronic engineers IEEE | ||
| 530 | _aIssued also as CD | ||
| 653 | 4 | _a802 , 16e | |
| 653 | 4 | _aOFDMA | |
| 653 | 4 | _aWiMAX | |
| 700 | 0 |
_aMohamed Mohamed Khairy , _eSupervisor |
|
| 700 | 0 |
_aSerag Eldin Sayed Habib , _eSupervisor |
|
| 856 | _uhttp://172.23.153.220/th.pdf | ||
| 905 |
_aMustafa _eRevisor |
||
| 905 |
_aSamia _eCataloger |
||
| 942 |
_2ddc _cTH |
||
| 999 |
_c7317 _d7317 |
||